000 00375nam a22001457a 4500
005 20150506112209.0
008 150506b xxu||||| |||| 00| 0 eng d
040 _cPK-LaUMT
082 _aKHC 954.0359
_bDEV-I
100 _aDevadas Gandhi
245 _aIndia unreconciled
_cDevadas Gandhi
260 _aNew Delhi
_bThe hindustan times
_c1943
300 _a528 p.
942 _cBK
999 _c70848
_d70848